=LDR 00000nam 2200000 4500 =001 INLIS000000000027094 =005 20130612125509 =008 ***********************************Ind** =035 ##$$0010-061300000027094 =041 ##$$a Ind =082 ##$$a 152.4 =090 ##$$a 152.4, Ann b =100 ##$$a An-Nughaimisyi, Abdul Aziz Bin Nuhammad =245 ##$$a Bagaimana mengendalikan emosi anda, Abdul Aziz Bin Muhammad An-Nughaimisyi ; penerjemah, Futuhal rifin =260 ##$$a 2005 $b Jakarta =300 ##$$a xiv, 183 hlm, 20 cm =650 ##$$a Emosi, Psikologi =700 ##$$a Arifin, Futuhal =850 ##$$a NBPNMAT